Wird geladen...

Brajbhasha/

Bibliographische Detailangaben
1. Verfasser: Dheerendra Varma
Format: Printed Book
Veröffentlicht: Allahabad: Hindusthani Academy, 1954.
LEADER 00346 a2200109 4500
100 |a Dheerendra Varma 
245 |a Brajbhasha/  |c Dheerendra Varma 
260 |a Allahabad:  |b Hindusthani Academy,  |c 1954. 
300 |a 162p. 
942 |2 ddc  |c BK 
999 |c 238363  |d 238363 
952 |0 0  |1 0  |4 0  |7 0  |9 264684  |a HIN  |b HIN  |c S-2  |d 2011-07-04  |i 4366  |l 0  |p HIN4366  |r 2011-07-04  |w 2014-02-07  |y BK